| 000 | 00727nam a22002175i 4500 | ||
|---|---|---|---|
| 001 | 183303 | ||
| 003 | ES-MaACL | ||
| 005 | 20250716062634.0 | ||
| 008 | 140221q18901910fr |||| | fre d | ||
| 100 | 1 |
_aHugo, Victor, _d1802-1885 _964627 |
|
| 245 | 1 | 0 |
_aEn voyage _b: France et Belgique / _cVictor Hugo. |
| 260 |
_aParis : _bJ. Hetzel, _c[s.a.] |
||
| 300 |
_a243 p. ; _c18 cm. |
||
| 490 | 1 | _aOeuvres posthumes de Victor Hugo | |
| 596 | _aProbablemente impreso en la última década del siglo XIX o primera del XX. | ||
| 651 | 0 | 4 |
_aFrancia- _xDescripción. _98676 |
| 651 | 4 |
_aBélgica- _xDescripción. _9159915 |
|
| 830 | 0 |
_aOeuvres posthumes de Victor Hugo _9187958 |
|
| 852 |
_aES-MaACL _jG-3134 |
||
| 999 |
_c183303 _d183303 |
||